01875nam a2200229 a 4500001001000000005001700010041000700027044000800034084002000042100003800062245016100100260003000261300001700291500038000308500070900688500001101397650005201408650005601460650003401516650004501550740005001595BRCA_345120190320204305.0 asp aspa a740b.F47c18051 aFernández de Avellaneda, Alonso10aVida y hechos del ingenioso hidalgo D. Quixote de la Manchabcontiene su quarta salida y la quinta parte de sus aventurascAlonso Fernández de Avellaneda. aMadridbVillalpandoc1805 a2 v.c15 cm. aContenido : v.1. Dedicatoria al Alcalde, regidores e hidalgos de la noble villa del Argamecitla de la mancha, patria feliz del hidalgo caballero Don Quixote, ilustre de los profesores de la caballería andantesca. Prólogo del autor. Soneto de Pedro Fernández. Nota del editor. Aprobación de Don Agustín de Mantiano y Luyando Juicio de esta obra. Texto. -- v.2. Texto aLa supuesta continuación de la novela, pero de facto una reelaboración ludíbrica de la primera parte de la obra cervantina, pues en ella hay muchos episodios que son mera parodia del original, como por ejemplo: las escenas de la venta y las del castillo ducal y otras, enfocadas desde el punto de vista de la ideología contrarreformista. Así, lo primero que hace el falso autor, es hacer entrar a Don Quijote en una iglesia y asistir a misa, colgarle el rosario, y darle de leer las obras devotas (Flos Sanctorum de Villegas y Guía de pecadores de fray Luis de Granada). Su lenguaje, a pesar de tener ciertas cualidades, es grosero y bajo. Piel; lomeras decoradas con dorados Lúdovik Osterc aQMB10914aNovela españolayÉpoca clásica, 1500-170014aLiteratura españolayÉpoca clásica, 1500-170014aNovela españolaySiglo XVII14aDon Quijote (Personaje ficticio)eNovela0 aEl Ingenioso Hidalgo Don Quijote de la Mancha